[Event "SportAccord Blitz w 2014"]
[Site "Beijing CHN"]
[Date "2014.12.15"]
[Round "22.4"]
[White "Koneru, Humpy"]
[Black "Zhao, Xue"]
[Result "1/2-1/2"]
[WhiteTitle "GM"]
[BlackTitle "GM"]
[WhiteElo "2581"]
[BlackElo "2514"]
[WhiteFideId "5008123"]
[BlackFideId "8601283"]
[EventDate "2014.12.13"]

1. d4 Nf6 2. Nf3 e6 3. e3 b6 4. Bd3 Bb7 5. O-O c5 6. b3 Be7 7. Bb2 cxd4 8. exd4
O-O 9. c4 d6 10. Nbd2 Nbd7 11. Re1 Re8 12. Ne4 Nxe4 13. Bxe4 Bxe4 14. Rxe4 d5
15. cxd5 Nf6 16. Re2 Nxd5 17. g3 Rc8 18. Rc1 Qd7 19. Ne5 Qb7 20. Rec2 Bg5 21.
Rxc8 Rxc8 22. Rxc8+ Qxc8 23. Qh5 Bf6 24. Qxf7+ Kh8 25. Qxa7 Bxe5 26. dxe5 h6 27.
Qf7 Kh7 28. Ba3 Qc2 29. Bf8 Qb1+ 30. Kg2 Qe4+ 31. Qf3 Qxe5 32. a4 Kg8 33. Ba3
Qa1 34. Bd6 Qd4 35. Qf8+ Kh7 36. b4 Nf6 37. Bf4 Qe4+ 38. Kg1 Qe1+ 39. Kg2 Qe4+
40. Kg1 e5 41. Be3 Qb1+ 42. Kg2 Qe4+ 43. Kg1 Nd5 44. a5 Nxe3 45. fxe3 Qxe3+ 46.
Qf2 Qc1+ 47. Kg2 bxa5 48. bxa5 Qc6+ 49. Qf3 Qb5 50. Qf5+ Kg8 51. Qe6+ Kh8 52. a6
Qe2+ 53. Kg1 Qe1+ 54. Kg2 Qe2+ 55. Kg1 1/2-1/2

[Event "SportAccord Blitz w 2014"]
[Site "Beijing CHN"]
[Date "2014.12.15"]
[Round "22.5"]
[White "Ju, Wenjun"]
[Black "Dzagnidze, Nana"]
[Result "1-0"]
[WhiteTitle "GM"]
[BlackTitle "GM"]
[WhiteElo "2568"]
[BlackElo "2570"]
[WhiteFideId "8603006"]
[BlackFideId "13601903"]
[EventDate "2014.12.13"]

1. e4 e6 2. d4 d5 3. Nd2 dxe4 4. Nxe4 Nd7 5. Bd3 Ngf6 6. Qe2 c5 7. Nf3 Be7 8.
O-O Qc7 9. c3 O-O 10. Bg5 Nd5 11. Bxe7 Nxe7 12. Neg5 Nf6 13. Qe5 Qxe5 14. dxe5
Nfd5 15. Bxh7+ Kh8 16. c4 Nf4 17. Bc2 Nc6 18. Rfe1 f5 19. exf6 gxf6 20. Ne4 b6
21. g3 Nh5 22. Rad1 e5 23. Nd6 Nd4 24. Nxd4 cxd4 25. Be4 Rb8 26. b4 Bg4 27. f3
Be6 28. f4 exf4 29. Bf3 Ng7 30. Rxd4 fxg3 31. hxg3 Rfd8 32. a3 Rd7 33. c5 bxc5
34. bxc5 Rc7 35. Rc1 Rb3 36. Bg2 Rxg3 37. Ne4 Rg6 38. Kf2 Nf5 39. Rd8+ Kg7 40.
c6 Ne7 41. Nd6 Rxc6 42. Bxc6 Rg5 43. Ne8+ Kf7 44. Nd6+ Kg7 45. Bf3 Re5 46. Re1
Ng6 47. Rxe5 Nxe5 48. Ra8 Nxf3 49. Rxa7+ Kg6 50. Kxf3 Bd5+ 51. Kf2 f5 52. a4 Kf6
53. a5 Ke5 54. Nb5 Bc6 55. Nc3 Kd4 56. Ne2+ Kc5 57. Nf4 Kb5 58. Ne6 1-0

[Event "SportAccord Blitz w 2014"]
[Site "Beijing CHN"]
[Date "2014.12.15"]
[Round "22.6"]
[White "Gunina, Valentina"]
[Black "Muzychuk, Anna"]
[Result "0-1"]
[WhiteTitle "GM"]
[BlackTitle "GM"]
[WhiteElo "2522"]
[BlackElo "2545"]
[WhiteFideId "4167570"]
[BlackFideId "14111330"]
[EventDate "2014.12.13"]

1. d4 Nf6 2. c4 e5 3. dxe5 Ng4 4. Nf3 Bc5 5. e3 Nc6 6. Be2 O-O 7. O-O Ngxe5 8.
Nc3 d6 9. b3 a6 10. Bb2 Nxf3+ 11. Bxf3 Ne5 12. Be2 Qh4 13. Nd5 c6 14. Nf4 Ng4
15. Bxg4 Bxg4 16. Qd3 Rfe8 17. Bd4 Rad8 18. h3 Bc8 19. Rad1 Bxd4 20. Qxd4 Bf5
21. Rd2 Re4 22. Qb6 Qe7 23. Rfd1 g5 24. Nh5 Bg6 25. Ng3 Re6 26. Rd4 h6 27. e4
Qf6 28. c5 Rd7 29. Qa7 Kh7 30. Qb8 d5 31. exd5 cxd5 32. Qc8 Rde7 33. R4d2 h5 34.
Rxd5 Re1+ 35. Nf1 R7e2 36. f3 Rxd1 37. Rxd1 Qb2 38. Rd8 Rxg2+ 39. Kh1 Rf2 40.
Kg1 Rxf3 41. Qd7 Qf2+ 0-1

[Event "SportAccord Blitz w 2014"]
[Site "Beijing CHN"]
[Date "2014.12.15"]
[Round "22.7"]
[White "Harika, Dronavalli"]
[Black "Kosintseva, Tatiana"]
[Result "1-0"]
[WhiteTitle "GM"]
[BlackTitle "GM"]
[WhiteElo "2505"]
[BlackElo "2483"]
[WhiteFideId "5015197"]
[BlackFideId "4133471"]
[EventDate "2014.12.13"]

1. c4 Nf6 2. g3 e5 3. Bg2 d5 4. cxd5 Nxd5 5. Nc3 Nb6 6. Nf3 Nc6 7. O-O Be7 8. a3
O-O 9. d3 Be6 10. Be3 f5 11. b4 Bf6 12. Rc1 Nd4 13. Nd2 c6 14. b5 Nxb5 15. Nxb5
cxb5 16. Bxb7 Rb8 17. Bg2 Bd5 18. Bxd5+ Qxd5 19. Qb3 Qxb3 20. Nxb3 a6 21. Rc6
Nd5 22. Rxa6 Ra8 23. Rxa8 Rxa8 24. Bc5 Nc3 25. e3 Rd8 26. Nc1 g5 27. Bb4 Nd5 28.
Rd1 Rc8 29. Nb3 Be7 30. Bxe7 Nxe7 31. Rc1 Ra8 32. Rc5 Rxa3 33. Rxb5 Nc6 34. d4
exd4 35. Nxd4 Nxd4 36. exd4 Kg7 37. Rxf5 Kg6 38. Rd5 g4 39. Kg2 Ra2 40. Rd8 h5
41. d5 Rd2 42. d6 Rd1 43. h3 Kf6 44. hxg4 hxg4 45. d7 Kg7 46. Re8 Rxd7 47. Re4
Kf6 48. Rxg4 Kf5 49. Rg8 Rd2 50. Rf8+ Kg4 51. Rf4+ Kg5 52. Kh3 Rd1 53. Rf8 Rh1+
54. Kg2 Ra1 55. f4+ Kg4 56. Rg8+ Kf5 57. Rg5+ Kf6 58. Rb5 Kg6 59. Kh3 Kf6 60.
Kg4 Ra8 61. Rb6+ Kf7 62. Kh3 Rh8+ 63. Kg2 Ra8 64. Kf3 Ra3+ 65. Kg4 Ra8 66. Rb7+
Kf6 67. Rb6+ Kf7 68. Rc6 Rb8 69. Kh5 Rh8+ 70. Rh6 Ra8 71. g4 Ra1 72. Kg5 Kg7 73.
Rb6 Ra5+ 74. f5 Ra7 75. Kh5 Ra1 76. Rb7+ Kf6 77. Rb6+ Ke5 78. Kg5 Rg1 79. Re6+
Kd5 80. Re2 Kd6 81. f6 Rf1 82. Kg6 Kd7 83. g5 1-0

[Event "SportAccord Blitz w 2014"]
[Site "Beijing CHN"]
[Date "2014.12.15"]
[Round "23.1"]
[White "Kosintseva, Tatiana"]
[Black "Gunina, Valentina"]
[Result "1-0"]
[WhiteTitle "GM"]
[BlackTitle "GM"]
[WhiteElo "2483"]
[BlackElo "2522"]
[WhiteFideId "4133471"]
[BlackFideId "4167570"]
[EventDate "2014.12.13"]

1. e4 c6 2. d4 d5 3. e5 Bf5 4. Nf3 e6 5. Be2 Nd7 6. O-O h6 7. Nbd2 Ne7 8. Nb3
Qc7 9. a4 Bh7 10. a5 a6 11. h3 Ng6 12. c4 dxc4 13. Bxc4 Be7 14. Be3 O-O 15. Rc1
Rfd8 16. Qe2 Bb4 17. Ra1 Bf8 18. Rfc1 Ne7 19. Bf4 Rac8 20. Nfd2 Qb8 21. Ne4 Nd5
22. Bg3 Qa7 23. Qg4 Bf5 24. Qe2 Nb4 25. Rc3 Nd5 26. Rcc1 Nb4 27. Kh2 c5 28.
Nexc5 Nxc5 29. dxc5 Bxc5 30. Nxc5 Rxc5 31. Qe3 Rdc8 32. Bb3 Nd3 33. Rc3 Rxc3 34.
Qxa7 Rxb3 35. Qd4 Rc2 36. Ra3 Rxa3 37. bxa3 Bg6 38. Qd7 Nc5 39. Qc8+ Kh7 40. Qb8
Rc3 41. f3 Rc2 42. Be1 Nd3 43. Bb4 Bh5 44. Qxb7 Nxe5 45. Qe4+ f5 46. Qxc2 1-0

[Event "SportAccord Blitz w 2014"]
[Site "Beijing CHN"]
[Date "2014.12.15"]
[Round "23.2"]
[White "Muzychuk, Anna"]
[Black "Ju, Wenjun"]
[Result "1-0"]
[WhiteTitle "GM"]
[BlackTitle "GM"]
[WhiteElo "2545"]
[BlackElo "2568"]
[WhiteFideId "14111330"]
[BlackFideId "8603006"]
[EventDate "2014.12.13"]

1. e4 e5 2. Nf3 d6 3. d4 Nc6 4. Bb5 exd4 5. Nxd4 Bd7 6. Bxc6 bxc6 7. Qf3 g6 8.
e5 d5 9. O-O Bg7 10. Re1 Ne7 11. Bg5 O-O 12. Nc3 h6 13. Bf6 Bxf6 14. Qxf6 Nf5
15. Nxf5 Bxf5 16. Qxc6 d4 17. Nd5 Rb8 18. b3 Be6 19. Nf6+ Kg7 20. Rad1 Bf5 21.
Qc5 Qc8 22. Rxd4 Rd8 23. Red1 Rxd4 24. Rxd4 Qa6 25. g4 Be6 26. Qxc7 Rc8 27. Rd8
h5 28. g5 Qe2 29. Qxc8 Qe1+ 30. Kg2 1-0

[Event "SportAccord Blitz w 2014"]
[Site "Beijing CHN"]
[Date "2014.12.15"]
[Round "23.3"]
[White "Dzagnidze, Nana"]
[Black "Koneru, Humpy"]
[Result "1-0"]
[WhiteTitle "GM"]
[BlackTitle "GM"]
[WhiteElo "2570"]
[BlackElo "2581"]
[WhiteFideId "13601903"]
[BlackFideId "5008123"]
[EventDate "2014.12.13"]

1. d4 Nf6 2. c4 e6 3. Nf3 Bb4+ 4. Bd2 c5 5. Bxb4 cxb4 6. e3 b6 7. a3 bxa3 8.
Rxa3 Bb7 9. Nc3 O-O 10. Be2 d5 11. cxd5 Nxd5 12. O-O Nc6 13. Bb5 Ncb4 14. Qe2 a6
15. Bc4 a5 16. Nxd5 Bxd5 17. Rc3 Rc8 18. Rfc1 Bb7 19. Ne5 Qe7 20. f3 g6 21. Nd3
Nxd3 22. Qxd3 Kg7 23. Qc2 Rc7 24. Qb3 Qd6 25. Be2 Rfc8 26. Qc2 Rxc3 27. bxc3 e5
28. Qb2 exd4 29. exd4 Re8 30. Qd2 h5 31. Bb5 Re7 32. Re1 h4 33. Rxe7 Qxe7 34.
Kf1 h3 35. d5 Qe5 36. c4 Qxh2 37. Qd4+ Kg8 38. gxh3 Qxh3+ 39. Kf2 Qh2+ 40. Ke1
Qd6 41. f4 Bc8 42. Qe5 Qb4+ 43. Kf2 Qd2+ 44. Kg3 Qd3+ 45. Kh4 Bf5 46. Qe8+ Kg7
47. Qe5+ Kh7 48. Kg5 a4 49. Kf6 a3 50. Kxf7 Kh6 51. Qh8# 1-0

[Event "SportAccord Blitz w 2014"]
[Site "Beijing CHN"]
[Date "2014.12.15"]
[Round "23.4"]
[White "Zhao, Xue"]
[Black "Stefanova, Antoaneta"]
[Result "1-0"]
[WhiteTitle "GM"]
[BlackTitle "GM"]
[WhiteElo "2514"]
[BlackElo "2517"]
[WhiteFideId "8601283"]
[BlackFideId "2902257"]
[EventDate "2014.12.13"]

1. d4 d5 2. c4 c6 3. Nc3 Nf6 4. Nf3 a6 5. a4 e6 6. g3 Bb4 7. Bg2 Nbd7 8. O-O O-O
9. Qd3 a5 10. b3 b6 11. Bb2 Ba6 12. Rfd1 Rc8 13. Qc2 dxc4 14. bxc4 Bxc4 15. Ne5
Nxe5 16. dxe5 Nd7 17. Rd4 Bd5 18. Rh4 g6 19. e4 Bc4 20. Rd1 Qe7 21. Rd4 b5 22.
Nd1 Rfd8 23. Ne3 h5 24. Rd1 Nb6 25. Bd4 c5 26. Bb2 Rxd1+ 27. Qxd1 Qd7 28. Qf3
bxa4 29. g4 a3 30. Bxa3 Qd8 31. Qg3 Bxa3 32. gxh5 Be2 33. hxg6 1-0

[Event "SportAccord Blitz w 2014"]
[Site "Beijing CHN"]
[Date "2014.12.15"]
[Round "23.5"]
[White "Muzychuk, Mariya"]
[Black "Paehtz, Elisabeth"]
[Result "0-1"]
[WhiteTitle "IM"]
[BlackTitle "IM"]
[WhiteElo "2529"]
[BlackElo "2485"]
[WhiteFideId "14114550"]
[BlackFideId "4641833"]
[EventDate "2014.12.13"]

1. Nf3 Nf6 2. c4 d6 3. d4 Nbd7 4. Nc3 e5 5. e4 g6 6. Be2 Bg7 7. O-O O-O 8. h3 c6
9. Be3 Re8 10. d5 c5 11. a3 Nh5 12. b4 b6 13. Re1 Nf4 14. Bf1 Nf6 15. Nh2 N6h5
16. Kh1 Rf8 17. Rb1 f5 18. b5 fxe4 19. Nxe4 Bf5 20. Bd3 Nxd3 21. Qxd3 Qh4 22.
Bd2 Nf6 23. f3 Nh5 24. Nf1 h6 25. Re2 Rae8 26. Be1 Qe7 27. Bd2 Qd7 28. Qc3 Kh7
29. g4 Bxe4 30. Rxe4 Nf6 31. Ng3 Nxe4 32. Nxe4 Rf7 33. Kg2 Ref8 34. Rf1 Qe7 35.
g5 Rf5 36. h4 Qd7 37. Qd3 R8f7 38. Be3 Bf8 39. Qd2 Be7 40. Kg3 Qe8 41. gxh6 Qf8
42. Bg5 Rxf3+ 43. Rxf3 Rxf3+ 44. Kg2 Qf5 45. Nf2 Bxg5 46. hxg5 Rf4 47. Nh3 Rg4+
48. Kh2 Rh4 49. Qe3 Rxc4 50. Nf2 Rc2 51. Kg3 Rc4 52. Kh2 Rf4 53. Nh3 Rf3 0-1

[Event "SportAccord Blitz w 2014"]
[Site "Beijing CHN"]
[Date "2014.12.15"]
[Round "23.6"]
[White "Cramling, Pia"]
[Black "Ushenina, Anna"]
[Result "1/2-1/2"]
[WhiteTitle "GM"]
[BlackTitle "GM"]
[WhiteElo "2518"]
[BlackElo "2494"]
[WhiteFideId "1700030"]
[BlackFideId "14110911"]
[EventDate "2014.12.13"]

1. d4 d5 2. Nf3 c6 3. c4 e6 4. Qc2 Nf6 5. Bg5 h6 6. Bxf6 Qxf6 7. Nbd2 g6 8. Rc1
Bg7 9. e4 dxe4 10. Nxe4 Qe7 11. Be2 Qb4+ 12. Nc3 O-O 13. O-O Nd7 14. Rfe1 b6 15.
h4 Bb7 16. a3 Qd6 17. Ne4 Qf4 18. c5 Qc7 19. b4 a5 20. Nd6 axb4 21. axb4 bxc5
22. bxc5 Ba6 23. Rb1 Bxe2 24. Rb7 Qa5 25. Qxe2 Ra7 26. Rxa7 Qxa7 27. Qe4 Qa4 28.
Rb1 Nf6 29. Qd3 Nd5 30. Qb3 Qa6 31. Qb7 Qd3 32. Qb3 Qe2 33. Qb2 Qd3 34. Qb3 Qa6
35. Qb7 Qd3 36. Qb3 Qa6 1/2-1/2

[Event "SportAccord Blitz w 2014"]
[Site "Beijing CHN"]
[Date "2014.12.15"]
[Round "23.8"]
[White "Harika, Dronavalli"]
[Black "Hou, Yifan"]
[Result "1/2-1/2"]
[WhiteTitle "GM"]
[BlackTitle "GM"]
[WhiteElo "2505"]
[BlackElo "2673"]
[WhiteFideId "5015197"]
[BlackFideId "8602980"]
[EventDate "2014.12.13"]

1. Nf3 c5 2. g3 Nc6 3. Bg2 g6 4. O-O Bg7 5. c4 e6 6. Nc3 d6 7. d3 Nge7 8. Bg5 h6
9. Bd2 O-O 10. a3 b6 11. Rb1 Bb7 12. b4 Qd7 13. Ne4 f5 14. Nc3 Kh7 15. e3 g5 16.
Ne1 Ne5 17. f4 Bxg2 18. Kxg2 gxf4 19. exf4 N5c6 20. Nf3 Ng6 21. b5 Nd4 22. Nxd4
cxd4 23. Na2 e5 24. Qf3 Rae8 25. Rbe1 Qe6 26. Qd5 Qxd5+ 27. cxd5 e4 28. Nb4 e3
29. Bc1 Ne7 30. Bb2 Rc8 31. Nc6 Nxd5 32. Kf3 a6 33. a4 axb5 34. axb5 Ra8 35.
Bxd4 Bxd4 36. Nxd4 Ra3 37. Ra1 Rxd3 38. Rfd1 Rc3 39. Ra7+ Kg6 40. Ne2 Rc5 41.
Rd7 Rf6 42. h3 Rxb5 43. g4 fxg4+ 44. hxg4 Rf7 45. Rxd6+ Nf6 46. R1d3 Kg7 47.
Rxe3 Nd5 48. Rd3 Nf6 49. Nc3 Rb3 50. Ne4 Rxd3+ 51. Rxd3 Nxe4 52. Kxe4 b5 53. Rb3
Rb7 54. g5 hxg5 55. fxg5 Kg6 56. Kd5 Kxg5 57. Kc6 1/2-1/2

[Event "SportAccord Blitz w 2014"]
[Site "Beijing CHN"]
[Date "2014.12.15"]
[Round "24.1"]
[White "Gunina, Valentina"]
[Black "Harika, Dronavalli"]
[Result "1/2-1/2"]
[WhiteTitle "GM"]
[BlackTitle "GM"]
[WhiteElo "2522"]
[BlackElo "2505"]
[WhiteFideId "4167570"]
[BlackFideId "5015197"]
[EventDate "2014.12.13"]

1. d4 Nf6 2. c4 d6 3. Nf3 g6 4. Nc3 Bf5 5. g3 Bg7 6. Bg2 Qc8 7. O-O Bh3 8. e4
Bxg2 9. Kxg2 O-O 10. e5 Nfd7 11. Qe2 e6 12. Bf4 c5 13. exd6 cxd4 14. Nb5 Nc6 15.
Qd2 a6 16. Nc7 Rb8 17. b4 e5 18. Bh6 Nf6 19. Bxg7 Kxg7 20. b5 e4 21. Nxd4 Ne5
22. Qf4 Nd3 23. Qe3 Qd7 24. Nd5 Nxd5 25. cxd5 Qxd6 26. Qxe4 Nc5 27. Qf3 Rbd8 28.
Qc3 Qxd5+ 29. Nf3+ Kg8 30. Rad1 Ne4 31. Qa5 Qxb5 32. Qxd8 Rxd8 33. Rxd8+ Kg7 34.
Rd4 Nc3 35. Re1 Qc6 36. Re7 g5 37. h3 h5 38. g4 Nd5 39. Rxf7+ Kg8 40. Rf5 Nf4+
41. Rdxf4 gxf4 42. Rg5+ Kf8 43. Rxh5 b5 44. Rf5+ Kg8 45. Rxf4 a5 46. Kg3 Qc7 47.
Nd4 b4 48. Kf3 Qc3+ 49. Kg2 a4 50. g5 b3 51. axb3 axb3 52. Nxb3 Qxb3 53. h4 Qd5+
54. Kg3 Qe5 55. Kg4 Qe6+ 56. Rf5 Qe4+ 57. Rf4 Qe6+ 58. Kg3 Qe5 59. Kf3 Qd5+ 60.
Kg4 Qe6+ 61. Kh5 Qe8+ 62. Kg4 1/2-1/2

[Event "SportAccord Blitz w 2014"]
[Site "Beijing CHN"]
[Date "2014.12.15"]
[Round "24.2"]
[White "Hou, Yifan"]
[Black "Khotenashvili, Bela"]
[Result "1-0"]
[WhiteTitle "GM"]
[BlackTitle "GM"]
[WhiteElo "2673"]
[BlackElo "2504"]
[WhiteFideId "8602980"]
[BlackFideId "13602640"]
[EventDate "2014.12.13"]

1. b3 e5 2. Bb2 Nc6 3. e3 Nf6 4. Bb5 Bd6 5. Bxc6 dxc6 6. d3 Bg4 7. Ne2 Qe7 8.
Nd2 Ba3 9. Bxa3 Qxa3 10. h3 Be6 11. e4 O-O-O 12. Qc1 Qc5 13. Qb2 Nh5 14. Nf3 f6
15. g4 Nf4 16. Nxf4 exf4 17. d4 Qa5+ 18. c3 h5 19. g5 f5 20. O-O-O fxe4 21. Ne5
Rhe8 22. h4 c5 23. Rhe1 Bf5 24. Nc4 Qb5 25. Qd2 cxd4 26. cxd4 f3 27. Kb2 g6 28.
Qc3 Kb8 29. Ne3 Rd7 30. d5 Red8 31. Rd4 c6 32. Rb4 Qa6 33. dxc6 Rc7 34. Rxb7+
Rxb7 35. cxb7 Qd6 36. Rc1 Qd2+ 37. Rc2 Qxc3+ 38. Kxc3 Be6 39. Rd2 Rxd2 40. Kxd2
Kxb7 41. Kc3 Kc6 42. Kd4 Kd6 43. Kxe4 Bc8 44. Kxf3 Ke5 45. Nc4+ Kd4 46. Kf4 Be6
47. Ne5 Bf5 48. Nc6+ Kc3 49. Nxa7 Kb2 50. b4 Kxa2 51. b5 Be6 52. b6 Bd5 53. Nb5
Kb3 54. Nd6 1-0

[Event "SportAccord Blitz w 2014"]
[Site "Beijing CHN"]
[Date "2014.12.15"]
[Round "24.4"]
[White "Ushenina, Anna"]
[Black "Muzychuk, Mariya"]
[Result "0-1"]
[WhiteTitle "GM"]
[BlackTitle "IM"]
[WhiteElo "2494"]
[BlackElo "2529"]
[WhiteFideId "14110911"]
[BlackFideId "14114550"]
[EventDate "2014.12.13"]

1. d4 d5 2. Nf3 Nf6 3. e3 e6 4. b3 c5 5. Bb2 Nc6 6. a3 Bd6 7. Bd3 O-O 8. Nbd2
Qc7 9. O-O e5 10. dxc5 Bxc5 11. e4 dxe4 12. Nxe4 Nxe4 13. Bxe4 Rd8 14. Qe2 Nd4
15. Nxd4 exd4 16. Rad1 Be6 17. Rd3 Rd7 18. Rfd1 Rad8 19. Qh5 h6 20. Bc1 Bd5 21.
Bf5 Re7 22. Rg3 Qe5 23. h3 Be4 24. Rg5 g6 25. Qxh6 Bxf5 26. Rg3 Qg7 27. Qh4 Rde8
28. Rf1 Re1 29. Bh6 Rxf1+ 30. Kxf1 Qe5 31. Kg1 Bd6 32. Bd2 Qe2 33. Bf4 Qd1+ 34.
Kh2 Re1 35. Qd8+ Kg7 36. Rf3 Bxf4+ 37. Rxf4 Re4 38. Rf3 Qxc2 39. Qg5 Qc7+ 40. g3
Re2 41. Rxf5 Qe7 42. Qxe7 Rxe7 43. Rd5 Re2 44. Rxd4 Rxf2+ 45. Kg1 Rf3 46. Rb4
Rxg3+ 47. Kh2 Rc3 48. Rxb7 a5 49. Rb5 f5 50. Rb6 Kh6 51. Kg2 Kg5 52. a4 Kh5 53.
b4 axb4 54. Rxb4 Ra3 55. Kh2 Kg5 56. Kg2 f4 57. Kh2 Ra2+ 58. Kh1 Kf5 59. Kg1 f3
60. Kf1 g5 61. Rc4 Rh2 62. a5 Rxh3 63. a6 g4 64. Ra4 g3 65. Kg1 f2+ 66. Kg2 Rh1
67. Ra5+ Ke6 68. Kxg3 f1=Q 69. a7 Rg1+ 70. Kh4 Qf2+ 71. Kh5 Qh2# 0-1

[Event "SportAccord Blitz w 2014"]
[Site "Beijing CHN"]
[Date "2014.12.15"]
[Round "24.5"]
[White "Paehtz, Elisabeth"]
[Black "Zhao, Xue"]
[Result "1-0"]
[WhiteTitle "IM"]
[BlackTitle "GM"]
[WhiteElo "2485"]
[BlackElo "2514"]
[WhiteFideId "4641833"]
[BlackFideId "8601283"]
[EventDate "2014.12.13"]

1. e4 d5 2. exd5 Qxd5 3. Nc3 Qd6 4. d4 Nf6 5. Bd3 g6 6. Nge2 Bg7 7. Bf4 Qb6 8.
Qd2 c6 9. O-O-O Na6 10. Rhe1 Be6 11. Na4 Qd8 12. Bxa6 bxa6 13. Nc5 Bd5 14. Nc3
Bxg2 15. Nb7 Qd7 16. Nd6+ Kf8 17. Nc4 Nd5 18. Ne5 Qf5 19. Nxd5 Bxd5 20. c4 Be6
21. b3 Rc8 22. Bg3 h5 23. Bf4 Qxf4 24. Qxf4 Bh6 25. Nxg6+ Ke8 26. Kb2 Bxf4 27.
Nxf4 Bg4 28. Rd3 Kf8 29. Rde3 e6 30. Nd3 Bf5 31. Ne5 Rg8 32. Rg3 h4 33. Rxg8+
Kxg8 34. Kc3 f6 35. Nf3 h3 36. Rg1+ Kf7 37. Nh4 Be4 38. Rg3 Rh8 39. Nf3 a5 40.
Kd2 Bf5 41. Ke3 Bb1 42. a3 Bf5 43. Nd2 Rb8 44. Rg1 Rb7 45. Rg3 Rb8 46. Rg1 Rd8
47. Nf3 Rb8 48. Nd2 Rh8 49. Nf3 Rh5 50. Nd2 Rh8 51. Nf3 Rd8 52. Rc1 Ke7 53. b4
Rb8 54. Kf4 axb4 55. axb4 Rxb4 56. Ra1 Rxc4 57. Rxa7+ Ke8 58. Kg3 Rc3 59. Kf4
Rc2 60. Kg3 Be4 61. Ra3 Bf5 62. Re3 Kf7 63. Ra3 Rc4 64. Ra7+ Kg6 65. Nh4+ Kg5
66. Nf3+ Kh6 67. Ra5 Rc3 68. Kf4 Rd3 69. Rc5 Rd1 70. Rxc6 Rg1 71. Nxg1 1-0

[Event "SportAccord Blitz w 2014"]
[Site "Beijing CHN"]
[Date "2014.12.15"]
[Round "24.6"]
[White "Stefanova, Antoaneta"]
[Black "Dzagnidze, Nana"]
[Result "1/2-1/2"]
[WhiteTitle "GM"]
[BlackTitle "GM"]
[WhiteElo "2517"]
[BlackElo "2570"]
[WhiteFideId "2902257"]
[BlackFideId "13601903"]
[EventDate "2014.12.13"]

1. Nf3 Nf6 2. g3 c5 3. Bg2 Nc6 4. O-O g6 5. d3 Bg7 6. e4 d6 7. Nbd2 O-O 8. Re1
Rb8 9. Rb1 b5 10. a3 Bb7 11. b4 a6 12. bxc5 dxc5 13. e5 Nd5 14. Bb2 Nb6 15. Ne4
Na4 16. Ba1 Nd4 17. Nxd4 cxd4 18. f4 f6 19. exf6 exf6 20. Qd2 Rf7 21. Rb4 Rd7
22. Qf2 f5 23. Ng5 Bxg2 24. Qxg2 Rc8 25. Ne6 Qb6 26. Nxg7 Kxg7 27. Qf2 Rcd8 28.
Qe2 Qc5 29. Qe5+ Qxe5 30. Rxe5 Kf7 31. Kf2 Rd6 32. Ke1 Nb6 33. Kd2 Nd7 34. Re1
Nc5 35. Re5 Nd7 36. Re1 Nc5 37. Re5 Nd7 38. Re1 1/2-1/2

[Event "SportAccord Blitz w 2014"]
[Site "Beijing CHN"]
[Date "2014.12.15"]
[Round "24.7"]
[White "Koneru, Humpy"]
[Black "Muzychuk, Anna"]
[Result "1/2-1/2"]
[WhiteTitle "GM"]
[BlackTitle "GM"]
[WhiteElo "2581"]
[BlackElo "2545"]
[WhiteFideId "5008123"]
[BlackFideId "14111330"]
[EventDate "2014.12.13"]

1. d4 Nf6 2. c4 e5 3. dxe5 Ng4 4. Bf4 Nc6 5. Nf3 Bb4+ 6. Nc3 Qe7 7. Qd5 Bxc3+ 8.
bxc3 f6 9. exf6 Nxf6 10. Qd3 d6 11. e3 O-O 12. Be2 Ne4 13. O-O Bf5 14. Qd5+ Kh8
15. Rac1 Rae8 16. Nd4 Bd7 17. Bd3 Nc5 18. Bb1 Qh4 19. Nf3 Qf6 20. Qh5 Bf5 21.
Bxf5 Qxf5 22. Qxf5 Rxf5 23. Nd4 Rff8 24. Nxc6 bxc6 25. Rb1 Rb8 26. f3 Na4 27.
Rb3 Nc5 28. Rbb1 Na4 29. Rb3 Nc5 30. Rbb1 Na4 31. Rb3 1/2-1/2

[Event "SportAccord Blitz w 2014"]
[Site "Beijing CHN"]
[Date "2014.12.15"]
[Round "24.8"]
[White "Ju, Wenjun"]
[Black "Kosintseva, Tatiana"]
[Result "1-0"]
[WhiteTitle "GM"]
[BlackTitle "GM"]
[WhiteElo "2568"]
[BlackElo "2483"]
[WhiteFideId "8603006"]
[BlackFideId "4133471"]
[EventDate "2014.12.13"]

1. g3 Nf6 2. Bg2 d5 3. c4 c6 4. Nf3 Bg4 5. O-O Nbd7 6. d3 e6 7. b3 Bd6 8. Bb2
O-O 9. h3 Bxf3 10. Bxf3 Qe7 11. Bg2 Rfe8 12. e3 e5 13. cxd5 Nxd5 14. Qe2 Rad8
15. Nd2 Ba3 16. Bxa3 Qxa3 17. Nc4 Qe7 18. a3 Nc5 19. Qc2 Ne6 20. Nxe5 Ng5 21. d4
f6 22. Nc4 Nf7 23. b4 g6 24. Rfe1 f5 25. Rac1 Nf6 26. Na5 Ng5 27. b5 cxb5 28.
Nxb7 Rb8 29. Qb3+ Kh8 30. Na5 Rb6 31. Nc6 Qg7 32. d5 Nge4 33. Red1 h5 34. d6 h4
35. gxh4 Nd7 36. Bxe4 fxe4 37. Qc3 Qxc3 38. Rxc3 Kg7 39. Nb4 Re6 40. Rc7 Rbxd6
41. Rxd7+ 1-0

[Event "SportAccord Blitz w 2014"]
[Site "Beijing CHN"]
[Date "2014.12.15"]
[Round "25.1"]
[White "Gunina, Valentina"]
[Black "Hou, Yifan"]
[Result "1-0"]
[WhiteTitle "GM"]
[BlackTitle "GM"]
[WhiteElo "2522"]
[BlackElo "2673"]
[WhiteFideId "4167570"]
[BlackFideId "8602980"]
[EventDate "2014.12.13"]

1. d4 e6 2. c4 b6 3. Nf3 Bb7 4. e3 Nf6 5. Be2 d5 6. O-O Bd6 7. b3 O-O 8. Bb2
Nbd7 9. Nbd2 Ne4 10. Rc1 Qe7 11. Bd3 Nxd2 12. Nxd2 dxc4 13. Nxc4 Qg5 14. e4 Bf4
15. Rc2 c5 16. g3 cxd4 17. h4 Qg6 18. e5 Qh6 19. gxf4 Qxh4 20. f3 Qxf4 21. Bc1
Qh4 22. Rh2 Qg3+ 23. Rg2 Qh4 24. Bg5 Qh5 25. Qd2 Bxf3 26. Rh2 Qg4+ 27. Kf2 Be4
28. Bxe4 Qxe4 29. Qf4 Qxf4+ 30. Bxf4 f6 31. exf6 Rxf6 32. Ke2 e5 33. Bg3 Rxf1
34. Kxf1 Re8 35. Rh4 Kf7 36. Nd6+ Ke7 37. Nxe8 Kxe8 38. Rxh7 Kf7 39. Rh8 e4 40.
Ra8 Ke6 41. Rxa7 g5 42. Rc7 e3 43. Rc6+ Kf5 44. Ke2 Nc5 45. Rxb6 Ke4 46. Rf6 d3+
47. Kd1 d2 48. Ke2 Kd4 49. Rd6+ Ke4 50. Rd8 Ne6 51. Re8 Kf5 52. b4 Nf4+ 53. Kd1
Ng2 54. b5 Kg4 55. b6 Kxg3 56. b7 Nf4 57. Rxe3+ 1-0

[Event "SportAccord Blitz w 2014"]
[Site "Beijing CHN"]
[Date "2014.12.15"]
[Round "25.2"]
[White "Muzychuk, Anna"]
[Black "Stefanova, Antoaneta"]
[Result "1-0"]
[WhiteTitle "GM"]
[BlackTitle "GM"]
[WhiteElo "2545"]
[BlackElo "2517"]
[WhiteFideId "14111330"]
[BlackFideId "2902257"]
[EventDate "2014.12.13"]

1. e4 d6 2. d4 Nf6 3. Nc3 e5 4. Nf3 Nbd7 5. Bc4 Be7 6. O-O O-O 7. a4 a5 8. Re1
c6 9. b3 h6 10. h3 Re8 11. Bb2 Qc7 12. Bd3 Nf8 13. Qd2 Ng6 14. Rad1 Nh5 15. Bf1
Nhf4 16. Kh2 exd4 17. Qxd4 Bf6 18. Qxd6 Qxd6 19. Rxd6 Ne5 20. Nd1 Nxf3+ 21. gxf3
Be7 22. Rd2 Ne6 23. Ne3 Bg5 24. Bg2 Bf4+ 25. Kg1 h5 26. Rdd1 h4 27. Nf5 b5 28.
axb5 cxb5 29. Nxh4 g6 30. Bf1 Rb8 31. Ng2 Bc7 32. Rd5 b4 33. Red1 Bd8 34. Nf4
Nxf4 35. Rxd8 Bxh3 36. Rxb8 Rxb8 37. Be5 Bxf1 38. Bxb8 Be2 39. Rd8+ 1-0